00615nam a2200205Ia 4500003000900000008004100009020002200050040001600072080001700088100002800105245004600133260003800179300001400217650001900231650002600250650001800276942000700294999001500301952009300316IN-BaIIA211028s9999 xx 000 0 eng d a978 0471 810 52 0 cIIA Library a514.743bSOK aSokolnikoff, I. S91687 0aTensor analysiscIvan Stephen Sokolnikoff aNew YorkbJohn Wiley & Sonsc1951 aix, 335p. aNASA Thesaurus aTensor-Analysis91710 aTensors92437 cBK c1620d1620 00104070aBANbBANcGENd0000-00-00l0o514.743/ SOKp1780r2021-11-05w0000-00-00yBK